Sổ tay các từ phương ngữ Phú Yên

Gardado en:
Detalles Bibliográficos
Autor Principal: Trần, Sĩ Huệ
Formato: Libro
Publicado: Hà Nội Văn hóa Thông tin 2014
Những chủ đề:
Các nhãn: Engadir etiqueta
Sen Etiquetas, Sexa o primeiro en etiquetar este rexistro!
Thư viện lưu trữ: Trung tâm Học liệu Lê Vũ Hùng, Trường Đại học Đồng Tháp
LEADER 00951pam a22003378a 4500
001 00032269
008 140603s2014 ||||||Viesd
005 20171026081025.0
020 # # |a 9786045014776 
041 0 # |a Vie 
082 1 4 |a 495.922 7  |b S450T 
100 1 # |a Trần, Sĩ Huệ 
245 1 0 |a Sổ tay các từ phương ngữ Phú Yên  |c Trần Sĩ Huệ 
260 # # |a Hà Nội  |b Văn hóa Thông tin  |c 2014 
300 # # |a 259 tr.  |c 21 cm. 
500 # # |a ĐTTS ghi : Hội văn nghệ dân gian Việt Nam 
653 # # |a Phú Yên 
653 # # |a Phương ngữ 
653 # # |a Sổ tay 
653 # # |a Tiếng Việt 
653 # # |a Việt Nam 
852 # # |b Kho đọc  |j KD.0015810 
852 # # |j KD.0015810 
910 0 # |d 3/6/2014 
980 # # |a Trung tâm Học liệu Lê Vũ Hùng, Trường Đại học Đồng Tháp